| 000 | 01069cam a2200337 a 4500 | ||
|---|---|---|---|
| 001 | 116054 | ||
| 005 | 20230410120943.0 | ||
| 008 | 951106s1996 meu 001 0 eng | ||
| 035 | _9(DLC) 95047021 | ||
| 035 | _a2562603 | ||
| 942 |
_2lcc _cbk |
||
| 010 | _a 95047021 | ||
| 020 | _a1567510795 | ||
| 020 | _a1567510787 (pbk.) | ||
| 040 |
_aDLC _cDLC _dDLC |
||
| 043 | _an-us--- | ||
| 050 | 1 | 4 |
_aJC 573.2 _bD537f 1996 |
| 082 | 0 | 0 | _a320.5/2/0973 |
| 100 | 1 |
_aDiamond, Sara _q(Sara Rose) |
|
| 245 | 1 | 0 |
_aFacing the wrath : _bconfronting the Right in dangerous times / _cSara Diamond. |
| 260 |
_aMonroe, Me. : _bCommon Courage Press, _cc1996. |
||
| 300 |
_a236 p. ; _c20 cm. |
||
| 500 | _aIncludes index. | ||
| 650 | 0 |
_aConservatism _zUnited States. |
|
| 650 | 4 |
_aConservadurismo _zEstados Unidos. |
|
| 651 | 0 |
_aUnited States _xPolitics and government _y1945-1989. |
|
| 651 | 0 |
_aUnited States _xPolitics and government _y1989- |
|
| 651 | 4 |
_aEstados Unidos _xPolĂtica y gobierno _y1945-1989. |
|
| 920 | _a**LC HAS REQ'D # OF SHELF COPIES** | ||
| 946 | _aYSL | ||
| 999 |
_c55051 _d55051 |
||